00432nam a2200121Ia 4500008004100000020001800041100002300059245005700082260002700139650008000166650002200246856004200268171212s9999 xx 000 0 und d a9780833030283 aHosmer, Stephen T. cHosmer, Stephen T.aOperations Against Enemy Leaders bRAND Corporationc2001 aInsurgency; Coups d'âtat; Assassination; United States -- Military policy aPolitical Science uwww.jstor.org/stable/10.7249/mr1385af